|
|
|
|
| LEADER |
02021cas a2200241 a 4500 |
| 001 |
AALejournalIMF005019 |
| 008 |
230101c9999 xx r poo 0 0eng d |
| 020 |
|
|
|z 9781451956931
|
| 022 |
|
|
|a 0250-7447
|
| 040 |
|
|
|a BD-DhAAL
|c BD-DhAAL
|
| 110 |
2 |
|
|a International Monetary Fund.
|b External Relations Dept.
|
| 240 |
1 |
0 |
|a Finanzas y Desarrollo, junio de 2008.
|l Spanish
|
| 245 |
1 |
0 |
|a Finanzas y Desarrollo, junio de 2008.
|
| 264 |
|
1 |
|a Washington, D.C. :
|b International Monetary Fund,
|c 2008.
|
| 300 |
|
|
|a 1 online resource (57 pages)
|
| 490 |
1 |
|
|a Finance and Development
|
| 500 |
|
|
|a <strong>Off-Campus Access:</strong> No User ID or Password Required
|
| 500 |
|
|
|a <strong>On-Campus Access:</strong> No User ID or Password Required
|
| 506 |
|
|
|a Electronic access restricted to authorized BRAC University faculty, staff and students
|
| 520 |
3 |
|
|a En el numero de junio de 2008 se analiza la crisis de los mercados financieros en los paises industriales desde varios angulos. En los articulos se examinan los origenes de la crisis estadounidense de la deuda hipotecaria de alto riesgo y su repercusion en otros mercados. Los autores tambien examinan las medidas que podrian adoptarse para prevenir futuras crisis. En otros articulos se analizan las normas relativas a la suficiencia de capital y el marco de Basilea II, la cuestion de si hay desacoplamiento o convergencia entre los mercados emergentes y las economias industriales, los flujos de capitales hacia los paises de bajo ingreso, los esfuerzos para alcanzar los ODM y las intervenciones monetarias. En 'Vuelta a lo esencial' se pasa revista a los mercados extrabursatiles y en 'Gente del mundo de la economia' se traza una semblanza de Jacques Polak. En 'Bajo la lupa' se examina la brecha digital entre los paises.
|
| 538 |
|
|
|a Mode of access: Internet
|
| 830 |
|
0 |
|a Finance and Development; Finance and Development ;
|v No. 0045/002
|
| 856 |
4 |
0 |
|z Full text available on IMF
|u http://elibrary.imf.org/view/journals/022/0045/002/022.0045.issue-002-es.xml
|z IMF e-Library
|